| 000 | 00882nac a22002891i 4500 | ||
|---|---|---|---|
| 003 | EG-ScBUE | ||
| 005 | 20260401100509.0 | ||
| 008 | 260401s2003 nyuab f 001 0 eng d | ||
| 020 | _a9781405307055 | ||
| 020 | _a1405307056 | ||
| 040 |
_aEG-ScBUE _beng _erda _cEG-ScBUE _dEG-ScBUE |
||
| 082 | 0 | 4 |
_a550 _bEAR _222 |
| 245 | 0 | 0 |
_aEarth / _ceditor-in-chief, James F. Luhr. |
| 246 | 3 | 0 | _aSmithsonian Institution Earth |
| 246 | 3 | 0 | _aSmithsonian Earth |
| 264 | 1 |
_aNew York : _bDK Pub., _c2003. |
|
| 300 |
_a520 pages : _bcolor illustrations , color maps ; _c31 cm |
||
| 336 |
_2rdacontent _atext _btxt |
||
| 337 |
_aunmediated _2rdamedia _bn |
||
| 338 |
_avolume _bnc _2rdacarrier |
||
| 500 | _aAt head of title: Smithsonian Institution. | ||
| 500 | _aIncludes index. | ||
| 651 | 7 |
_aEarth. _2BUEsh |
|
| 655 | _vReading book | ||
| 700 | 1 |
_aLuhr, James F., _eeditor. |
|
| 942 |
_cNB _2ddc |
||
| 999 |
_c2748 _d2748 |
||